000 00671nam a2200169Ia 4500
008 220216s9999 xx 000 0 und d
100 _aAlam B
245 0 _aSustainable PS2 activity is associated with better photosynthetic performance in Hevea brasiliensis experiencing low temperature stress
260 _bProceedings of IRRDB Conference: NR Industry: Responding to Globalization, 7-8 September 2004, Kunming International Convention & Exhibition Center, China. pp.355-358.
650 _aCold stress
650 _aExcess photosynthetic electrons
650 _aPhotochemical quenching
650 _aPS2
700 _aJacob J
700 _aNair D B
942 _cJS
999 _c70079
_d70079